000 00778nam a2200265Ia 4500
001 Para_3889
003 CHAP
008 220125s1942 xx 000 0 und d
010 _a202212
040 _cCHAP
090 _aPA FOLLETO 1241
100 _aBlickle, R.L
_913165
245 _aPenetration of oils into insect eggs /
_c by R. Blickle
260 _aDurham, N. H. :
_b Agricultural Experiment Station
300 _a14 p.
440 _aNew Hampshire Agri. Exp. Sta. Technical bulletin; 79
_9167292
650 _aPetrĂ³leo como insecticida Insectos
_x Huevos
_9167293
901 _aPA FOLLETO 1241
902 _aA
905 _a0000001942 DUR 0000000000 00
910 _a1942
942 _cPARA
942 _cPARA
_d1
999 _c202212
_d202212